Lecciones sobre la estética /
I tiakina i:
| Kaituhi matua: | |
|---|---|
| Ētahi atu kaituhi: | |
| Hōputu: | Pukapuka |
| Reo: | Pāniora |
| I whakaputaina: |
Madrid, España :
Akal,
2017, c1989
|
| Rangatū: | (Akal Arte y Estética ;
73) |
| Ngā marau: | |
| Ngā Tūtohu: |
Kāore He Tūtohu, Me noho koe te mea tuatahi ki te tūtohu i tēnei pūkete!
|
MARC
| LEADER | 00000nam^a2200000^a^4500 | ||
|---|---|---|---|
| 001 | 000399777 | ||
| 005 | 20250521000000.0 | ||
| 009 | 20260310121601.254 | ||
| 020 | |a 978-84-460-2823-9 | ||
| 037 | |a Acervo ITESO - Biblioteca | ||
| 041 | |a ESP | ||
| 082 | |a 141. |b HEG OBR FIA | ||
| 100 | |a Hegel, Friedrich |e (autor) | ||
| 240 | 1 | 1 | |a [Lecciones de estética] |
| 245 | 1 | 0 | |a Lecciones sobre la estética / |c F. Hegel ; tr. por A. Brotons Muñoz. |
| 264 | 4 | |a Madrid, España : |b Akal, |c 2017, c1989 | |
| 300 | |a 933 p. | ||
| 336 | |a texto |b txt |2 rdacontenido | ||
| 337 | |a sin mediación |b n |2 rdamedio | ||
| 338 | |a volumen |b nc |2 rdasoporte | ||
| 440 | 1 | |a (Akal Arte y Estética ; |v 73) | |
| 500 | |a Traducción de: Volesungen über die Asthetik | ||
| 521 | |a FIL 2017 EEnlace Centro de Promoción Cultural | ||
| 545 | 0 | |a Georg Wilhelm Friedrich Hegel (1770-1831), filósofo alemán, formado en teología y filosofía, catedrático en las universidades de Jena, Heidelberg y Berlín, es considerado como el principal representante del idealismo alemán y creador de un sistema filosófico que abarca a manera de síntesis lo esencial de diversos campos del saber. Concibe a la filosofía como la ciencia del todo, del límite entre lo finito y lo infinito; a la verdad como totalidad cualitativa y cuantitativa; y a la realidad como unidad que se da entre lo real y lo racional. Entre sus obras se encuentran Fenomenología del espíritu, Ciencia de la lógica, Enciclopedia de las ciencias filosóficas, Lecciones de estética, Filosofía del derecho, Lecciones sobre la filosofía de la historia universal, Lecciones sobre filosofía de la religión, y otras. | |
| 649 | |a XX | ||
| 650 | |a Idealismo - |x Tema Principal | ||
| 650 | |a Estética - |x Tema Principal | ||
| 650 | |a Arte - |x Historia y Crítica | ||
| 650 | |a Filosofía del Siglo XIX | ||
| 650 | |a Filosofía Alemana | ||
| 700 | |a Brotons Muñoz, Alfredo |e (traducción) | ||
| 910 | |a Fondo General | ||
| 920 | |a Impresos - Libros | ||
| 930 | |a Colección General | ||
| 905 | |a 101 | ||
| 901 | |a 0500294928 |b IT1 |c ACC |i c158250 |u 20250521 | ||
| 902 | |a https://opac.biblio.iteso.mx/vufind/Record/000399777 | ||